00498nam a22001697a 450000500170000001000150001702000110003203500140004303700090005708200100006610000180007624500580009426000380015227001060019030000210029649000110031720250530103419.0 aENG-145036 c270.00 aEN-128568 bDBAD a230.5 aSai, Vasantha aPrema Sai Avatar Part III:bSai Digest/cVasantha Sai aTamil NadubMukthi Nilayam c2008 aRoyapalayam Village B.O. Tirumangalam S.O. Madurai-Virudhunagar Road, Madurai Dt.bTamil Nadue625706 a251p.:c24cm(pb) vPart 3